01015nam a22002297a 4500003000900000005001700009008004100026020001800067040002500085082001600110100003700126245007300163260006000236300002100296590002700317910001400344942001400358952012800372952013400500952013400634999001700768DO-SdBNP20220509134552.0110301s202u dr 000 0 spa d a9789945808971 aDO-SdBNPbspacBNPHU 4axxxxbM348s1 aMarlín Peguero, Elías95301810aSalmo 119 :bel camino a la perfección /cElías Marlín Peguero aSanto Domingo :bSociedades Bíblicas Unidas,c[202-]. a107 p. :c20 cm. aInventariado, 2022/ YL aYLockward 2ddccLBS1 00102ddc53708PDaBNPHUbBNPHUcCTd2022-03-11eElías Marlínl0oxxxx M348sp2022-1913r2022-05-09w2022-05-09yLBS1 00102ddc53708PDaBNPHUbBNPHUcCTd2022-03-11eElías Marlínl0oxxxx M348sp2022-1914r2022-05-09te. 2w2022-05-09yLBS1 00102ddc56708PDaBNPHUbBNPHUcCTd2022-03-11eElías Marlínl0oxxxx M348sp2022-1915r2022-05-09te. 3w2022-05-09yLBS1 c51679d51679